000 00376nam a2200169Ia 4500
003 0100
008 130303s9999 xx 000 0 und d
040 _cARRUPELIB
050 _aP90.F58 1982
100 _aFiske, John
245 _aIntroduction to communication studies
260 _aNY
260 _bMethuen Publi. Co.
260 _C1982
300 _a174p
942 0 0 _01
999 _c25108
_d25108